01266nam a22003015a 4500008004100000020001500041020002200056020001800078040002800096082002000124245006300144246003500207260004600242300008000288500002400368500009200392538012400484590002000608650003300628650005600661650005100717651001000768653002300778710001900801942002400820999001500844952010500859150827t1999 ma a|||fr|||| 001 0 eng d a1886801940 a1886801940 (pbk.) a9781886801943 aEG-ScBuEbengcEG-ScBuE04a005.16bYEA22200aYear 2000 personal computer fix-it guide /cJD Consulting.3 apersonal computer fix-it guide aRockland :bCharles River Media,cc.1999. axxvi, 412 p. :bill. ;c24 cm. +e1 computer laser optical disc (4 3/4 in.) aIndex : p. 409-412. aCD-ROM contains a collection of software that can be used in fixing Year 2000 problems. aSystem requirements for CD-ROM: either DOS, Windows 3.1, Windows 95, Windows 98, or Windows NT; CD-ROM drive; 4 MB RAM. ayassmeen ashraf 0aSoftware maintenance.2BUEsh 0aYear 2000 date conversion (Computer systems)2BUEsh 0aMicrocomputersxMaintenance and repair.2BUEsh 2BUEsh bCOMSCIcAugust20152 aJD Consulting. cBBk005.16 YEA2ddc c9933d4726 00104070aMAINbMAINcLOWd2008-06-18ePurchasel0o005.16 YEAp000005840r2025-07-15 00:00:00yBB